|
|
|
|
| LEADER |
01320nam a2200349Ia 4500 |
| 001 |
EBC3444846 |
| 003 |
MiAaPQ |
| 005 |
20200520144314.0 |
| 006 |
m o d | |
| 007 |
cr cn||||||||| |
| 008 |
081023s2009 wiua sb s001 0 eng d |
| 010 |
|
|
|z 2008046313
|
| 020 |
|
|
|z 9780299230043
|
| 020 |
|
|
|z 9780299230036
|
| 035 |
|
|
|a (MiAaPQ)EBC3444846
|
| 035 |
|
|
|a (Au-PeEL)EBL3444846
|
| 035 |
|
|
|a (CaPaEBR)ebr10315753
|
| 035 |
|
|
|a (CaONFJC)MIL227048
|
| 035 |
|
|
|a (OCoLC)646813629
|
| 040 |
|
|
|a MiAaPQ
|c MiAaPQ
|d MiAaPQ
|
| 050 |
|
4 |
|a PN1999.U5
|b B32 2009
|
| 100 |
1 |
|
|a Balio, Tino.
|
| 245 |
1 |
0 |
|a United Artists
|h [electronic resource] :
|b the company that changed the film industry.
|n Volume 2,
|p 1951-1978 /
|c Tino Balio.
|
| 260 |
|
|
|a Madison, Wis. :
|b University of Wisconsin Press,
|c c2009.
|
| 300 |
|
|
|a xi, 446 p. :
|b ill.
|
| 504 |
|
|
|a Includes bibliographical references and index.
|
| 533 |
|
|
|a Electronic reproduction. Ann Arbor, MI : ProQuest, 2015. Available via World Wide Web. Access may be limited to ProQuest affiliated libraries.
|
| 610 |
2 |
0 |
|a United Artists Corporation
|x History.
|
| 650 |
|
0 |
|a Motion picture industry
|x History.
|
| 655 |
|
4 |
|a Electronic books.
|
| 710 |
2 |
|
|a ProQuest (Firm)
|
| 856 |
4 |
0 |
|u https://ebookcentral.proquest.com/lib/matrademy/detail.action?docID=3444846
|z Click to View
|